00000000nam 2200000zi 4500
0019.943095
003CaOODSP
00520250212124414
006m     o  d f      
007cr |n|||||||||
008240910e202410  oncabd  ob   f000 0 eng d
020 |a9780660735818
040 |aCaOODSP|beng|erda|cCaOODSP
043 |an-cnm--
0861 |aFs70-5/2024-068E-PDF
1001 |aLander, Terralynn, |eauthor.
24510|aMaritimes regional application of the national framework for assessing the vulnerability of biological components to ship-source oil spills in the marine environment / |cTerralynn Lander, Adrian Hamer, Vicky Merritt, Owen Jones, and Cara Harvey.
264 1|aOttawa ON : |bCanadian Science Advisory Secretariat (CSAS), |cOctober 2024.
264 4|c©2024
300 |a1 online resource (vii, 230 pages) : |bmap, illustrations, graphs.
336 |atext|btxt|2rdacontent
337 |acomputer|bc|2rdamedia
338 |aonline resource|bcr|2rdacarrier
4901 |aResearch document, |x1919-5044 ; |v2024/068
500 |aIssued also in French under title: Application régionale, dans les Maritimes, du cadre national d'évaluation de la vulnérabilité des composantes biologiques du milieu marin aux déversements d'hydrocarbures provenant de navires.
504 |aIncludes bibliographical references.
650 0|aOil spills|xEnvironmental aspects|zAtlantic Provinces.
650 0|aOil spills and wildlife|zAtlantic Provinces.
650 0|aMarine plants|xEffect of oil spills on|zAtlantic Provinces.
7101 |aCanada. |bDepartment of Fisheries and Oceans. |bMaritimes Region, |eissuing body.
7102 |aCanadian Science Advisory Secretariat, |eissuing body.
77508|tApplication régionale, dans les Maritimes, du cadre national d'évaluation de la vulnérabilité des composantes biologiques du milieu marin aux déversements d'hydrocarbures provenant de navires / |w(CaOODSP)9.943096
830#0|aResearch document (Canadian Science Advisory Secretariat)|v2024/068.|w(CaOODSP)9.507396
85640|qPDF|s3.40 MB|uhttps://publications.gc.ca/collections/collection_2025/mpo-dfo/fs70-5/Fs70-5-2024-068-eng.pdf